Responses for Show #5943 - Wednesday, June 16, 2010

Paul Kursky game 1.

Contestants

[<< previous game]

Laura White, an English professor from Lincoln, Nebraska

Paul Kursky, a copywriter from San Francisco, California

Anne Triolo, a screenwriter and bookstore manager from Bellefonte, Pennsylvania (whose 1-day cash winnings total $27,800)

[next game >>]

Jeopardy! Round responses

PHILOSOPHERS
ST. AUGUSTINE
IMMANUEL CAN'T...
NEAT, SHE
SPIN-OZA
CONFUSE US
    $200 1
Descartes

Anne
    $200 16
alligators

Laura
    $200 6
lactose

Paul
    $200 18
Desperate Housewives

Triple Stumper
    $200 14
Rumpelstiltskin

Laura
    $200 11
capital/capitol

Paul
    $400 2
(Anne: What is China?)

Japan

AnneLaura
    $400 17
Spain

Anne
    $400 7
35

Anne
    $400 22
(Paul: Uh... um... [Snaps fingers])

Monica

AnnePaul
    $400 15
silk

Laura
    $400 12
liquid

Laura
    $1,000 3
Socrates

Laura
    $600 19
the Fountain of Youth

Anne
    $600 8
(Laura: What is a black card?)

a red card

PaulLaura
    $600 23
American Beauty

Anne
    $600 26
figure skating

Anne
    $600 13
principal/principle

Paul
    $800 4
John Locke

Laura
    $800 20
Ripley

Paul
    $800 9
dyslexia

Paul
    $800 24
(Paul: Who is Patty Duke?)

Joan Crawford

PaulLaura
    $800 27
the tachometer

Paul
    $800 29
lead

Triple Stumper
    $1000 5
(John Stuart) Mill

Paul
    $1000 21
shells

Paul
    $1000 10
a misogynist

Anne
    $1000 25
Glee

Anne
    $1000 28
Jupiter

Anne
    $1000 30
regardless

Paul

Scores at the first commercial break (after clue 15):

Anne Paul Laura
$1,200 $3,400 $2,600

Scores at the end of the Jeopardy! Round:

Anne Paul Laura
$5,800 $5,800 $3,600

Double Jeopardy! Round responses

SCIENCE CLASS
MOVIE BY CAST
HISTORIC AMERICANS
ORANGE SLICES
ARE YOU WELL RED?
TOO MUCH "SUN"
    $400 15
(Paul: What is vacuum?)

gas

Paul
Triple Stumper
    $400 13
(Anne: What is Push?)

Precious

Anne
Triple Stumper
    $400 5
(Samuel) Morse

Anne
    $400 9
prosciutto

Paul
    $400 1
The Scarlet Letter

Anne
    $400 2
a tsunami

Paul
    $800 16
warm-blooded

Laura
    $800 14
Bridget Jones's Diary

Paul
    $3,000 6
(Eugene) Debs

Anne
    $800 11
a papaya

Laura
    $800 20
The Hunt for Red October

Paul
    $800 3
a sundial

Laura
    $1200 17
Pennsylvania

Triple Stumper
    $1200 7
(William) Seward

Laura
    $1200 12
a mango

Anne
    $1200 21
(Laura: What is The Red-Headed League?)

A Study in Scarlet

Laura
Triple Stumper
    $1200 4
Raisin in the Sun

Paul
    $1600 18
wheel and axle

Triple Stumper
    $1600 8
Estes Kefauver

Anne
    $1600 22
a persimmon

Paul
    $2,000 24
(Alex: And you have the lead with $14,000. And we have about a minute left.)
...
(Anne: What is Grapes of Wrath?)

The Red Pony

Anne
    $1600 26
(Paul: What are solar flares?)

sunspots

PaulLaura
    $2000 19
(Laura: What are stele?)

potsherds

Laura
Triple Stumper
    $2000 10
Light Horse Harry Lee

Triple Stumper
    $2000 23
an acorn squash

Anne
    $2000 25
the Scarlet Pimpernel

Anne
    $2000 27
[The end-of-round signal sounds.]

a sunfish

Paul

Scores at the end of the Double Jeopardy! Round:

Anne Paul Laura
$14,000 $11,000 $5,600

[wagering suggestions for these scores]

Final Jeopardy! Round responses

MODERN MATERIALS
LauraWhat is asbestos titanium
$5,600
PaulWhat is Kevlar?
$300
AnneWhat is titanium?
$10,000
Kevlar

Final scores:

Anne Paul Laura
$4,000 $11,300 $0
2nd place: $2,000 New champion: $11,300 3rd place: $1,000

Game dynamics:

Coryat scores:

Anne Paul Laura
$13,800 $11,000 $5,200
17 R
(including 1 DD),
3 W
(including 1 DD)
17 R,
4 W
13 R
(including 1 DD),
3 W

Combined Coryat: $30,000

[game clues] [game scores] [suggest correction]

Game tape date: 2010-02-17
The J! Archive is created by fans, for fans. Scraping, republication, monetization, and malicious use prohibited; this site may use cookies and collect identifying information. See terms. The Jeopardy! game show and all elements thereof, including but not limited to copyright and trademark thereto, are the property of Jeopardy Productions, Inc. and are protected under law. This website is not affiliated with, sponsored by, or operated by Jeopardy Productions, Inc. Join the discussion at JBoard.tv.